00487 2200205 4500001002100000008004100021035002000062082000800082084001400090100002600104245004500130250000600175260003100181300001100212650001000223990001200233990001200245990001200257990001200269INLIS000000000000030 ind  a0010-0424000006 a800 a800 WIW m aWidayaningtyas, Wiwik aMenari Diatas KacacWiwik Widayaningtyas a1 aJakarta :bKEMDIKBUDc2019 a52 hlm aFiksi a0737352 a0737353 a0737354 a0737355